Cena pana Alfreda Nobela. 1987-formulace růstového ekonomického modelu podle amerického profesora Roberta M. Solowa.
V roku 1987 získal Nobelovu cenu za ekonómiu americký ekonóm Robert M. Solow. Cena mu bola udelená za formulovanie rastového modelu a ďalšie základné príspevky k teórii ekonomického rastu.
Gespeichert in:
| Format: | Buchkapitel |
|---|---|
| Sprache: | Tschechisch |
| Schlagworte: | |
| Tags: |
Keine Tags, Fügen Sie das erste Tag hinzu!
|
MARC
| LEADER | 00000naa a2200000 4500 | ||
|---|---|---|---|
| 001 | r013532 | ||
| 005 | 20221213083212.3 | ||
| 041 | 0 | |a cze | |
| 044 | |a CZ | ||
| 245 | 1 | 0 | |a Cena pana Alfreda Nobela. |b 1987-formulace růstového ekonomického modelu podle amerického profesora Roberta M. Solowa. |
| 520 | |a V roku 1987 získal Nobelovu cenu za ekonómiu americký ekonóm Robert M. Solow. Cena mu bola udelená za formulovanie rastového modelu a ďalšie základné príspevky k teórii ekonomického rastu. | ||
| 610 | 2 | 0 | |a Nobelova cena |
| 610 | 2 | 0 | |a ekonómia |
| 610 | 2 | 0 | |a 1987 |
| 610 | 2 | 0 | |a Solow, R.M. |
| 610 | 2 | 0 | |a rast hospodársky |